000 00274nam a22001217a 4500
008 170620b xxu||||| |||| 00| 0 eng d
041 _aeng
080 _a32
100 _a20
101 _ashp
245 _aA KA SJELLE NDRYSHIME I PAQES NE KOSOVE?
_cCARE
942 _2udc
_cBK
999 _c18330
_d18330